| 000 | 00579nam a22001817a 4500 | ||
|---|---|---|---|
| 005 | 20251108170026.0 | ||
| 008 | 250721s1999 xx 000 0 ara d | ||
| 082 | 1 | 4 | _aم/340.03/شلا |
| 100 | 1 | _aشلاله، يوسف | |
| 245 | 1 | 0 |
_aالمعجم العلمي للمصطلحات القانونية و المالية : _bفرنسي - عربي/عربي - فرنسي / |
| 264 |
_bمنشاة المعارف، _c1999. |
||
| 300 | _a1637ص | ||
| 650 | 1 | 7 | _aالقانون |
| 650 | 1 | 7 | _aالإستثمارات |
| 650 | 1 | 7 | _aالمعاجم |
| 942 |
_2ddc _cREF |
||
| 999 |
_c37749 _d37749 |
||